|
|
|
|
| LEADER |
00000nab a2200000 a 4500 |
| 001 |
vtls000604595 |
| 003 |
SK-MaSNL |
| 005 |
20260303210751.0 |
| 008 |
140417c1996 xo 0 slo |
| 015 |
|
|
|a SNBRB19rr/mm-uuuuu
|
| 035 |
|
|
|a CL0604734
|
| 040 |
|
|
|a SNKBUCL
|b slo
|c SNKBUCL
|e AACR2
|
| 041 |
0 |
|
|a slo
|
| 044 |
|
|
|a xo
|c SK
|
| 080 |
|
|
|a 379.8-053.2/.6
|2 1981
|
| 100 |
1 |
|
|a Rusnáková, Helena
|4 aut
|9 284043
|
| 245 |
1 |
0 |
|a Voľný čas detí a mládeže
|c Helena Rusnáková
|
| 650 |
0 |
7 |
|a voľný čas
|2 snkbucl
|9 3355
|
| 650 |
0 |
7 |
|a deti
|2 snkbucl
|9 773
|
| 650 |
0 |
7 |
|a mládež
|2 snkbucl
|9 1575
|
| 655 |
|
7 |
|a články z novín a časopisov
|2 snkbucl
|9 267496
|
| 773 |
0 |
|
|t Rodina a škola
|g Roč. 44, č. 9 (1996), s. 13
|x 0231-6463
|
| 850 |
|
|
|a Slovenská národná knižnica v Martine
|a MTA001
|
| 852 |
|
|
|a SNK
|b KIS3GCP
|
| 958 |
|
|
|a SK
|
| 958 |
|
|
|a RK
|
| 992 |
|
|
|a RBX
|
| 999 |
|
|
|c 2201565
|d 2203495
|